Cultura, Comunicación y Transformaciones Sociales en Tiempos de Globalización /
Basado en estudios de casos, este texto muestra cómo en el mundo contemporáneo -caracterizado por la creciente importancia de las relaciones entre actores sociales localizados en diferentes espacios nacionales (relaciones transnacionales)- la producción social de ciertas representaciones que juegan...
Uloženo v:
| Hlavní autor: | |
|---|---|
| Médium: | Neznámo |
| Vydáno: |
Buenos Aires:
CLACSO
|
| Témata: | |
| Tagy: |
Přidat tag
Žádné tagy, Buďte první, kdo vytvoří štítek k tomuto záznamu!
|
MARC
| LEADER | 00000 a2200000 04500 | ||
|---|---|---|---|
| 001 | 35684 | ||
| 003 | cru CIDCACS/IIS | ||
| 005 | 20171027141637.0 | ||
| 008 | 991231s d | ||
| 999 | |c 40519 |d 40519 | ||
| 020 | |a 978-987-1183-66-1 | ||
| 040 | |c CIDCACS/IIS | ||
| 090 | |a 05.03.04 M433c | ||
| 100 | |a Mato, Daniel | ||
| 245 | |a Cultura, Comunicación y Transformaciones Sociales en Tiempos de Globalización / |c Daniel Mato | ||
| 260 | |a Buenos Aires: |b CLACSO | ||
| 300 | |a Páginas 13-86 | ||
| 520 | |a Basado en estudios de casos, este texto muestra cómo en el mundo contemporáneo -caracterizado por la creciente importancia de las relaciones entre actores sociales localizados en diferentes espacios nacionales (relaciones transnacionales)- la producción social de ciertas representaciones que juegan papeles significativos, en tanto articuladoras de sentido de las prácticas de organizaciones y movimientos sociales, está marcada de diversas maneras por relaciones transnacionales entre actores locales y globales. A partir del análisis de tales casos, este artículo procura contribuir a la elaboración teórica sobre cultura y cambio social en el mundo contemporáneo, así como criticar la idea de globalización y argumentar acerca de la fertilidad de las categorías "procesos de globalización" y "tiempos de globalización". Adicionalmente, muestra que la dimensión cultural de los procesos sociales contemporáneos no se limita a asuntos relacionados con las "artes", las "culturas populares" y las "industrias culturales" y propone la necesidad de estudiar aspectos culturales significativos en otros espacios y practicas sociales | ||
| 650 | |a GLOBALIZACION | ||
| 650 | |a CULTURA | ||
| 650 | |a REPRESENTACION SOCIAL | ||
| 650 | |a IDENTIDAD SOCIAL | ||
| 650 | |a NEOLIBERALISMO | ||
| 942 | |2 ddc |c LI | ||
| 773 | 0 | |0 8618 |9 1436 |a Mato, Daniel |d Buenos Aires: CLACSO |o 03219 |t Cultura y transformaciones sociales en tiempos de globalización: |w (cru CIDCACS/IIS)35684 |z 978-987-1183-66-1 | |



